Far from the madding crowd

Đã lưu trong:
書目詳細資料
主要作者: Hardy, Thomas
格式: 圖書
語言:Undetermined
出版: London Pearson 1999
主題:
標簽: 添加標簽
沒有標簽, 成為第一個標記此記錄!
Thư viện lưu trữ: Trung tâm Học liệu Trường Đại học Cần Thơ
LEADER 00519nam a2200193Ia 4500
001 CTU_103155
008 210402s9999 xx 000 0 und d
020 |c 5.21 
082 |a 823.8 
082 |b H272 
100 |a Hardy, Thomas 
245 0 |a Far from the madding crowd 
245 0 |c Thomas Hardy 
260 |a London 
260 |b Pearson 
260 |c 1999 
650 |a Ưomen farmers,Triangles (interpersonal relations),Farm life 
904 |i Năm 
980 |a Trung tâm Học liệu Trường Đại học Cần Thơ